Biome Multiple Choice - Statistics

General Stats
  • This quiz has been taken 61 times
  • The average score is 7 of 15
Answer Stats
Question Answer % Correct
Most of the land on the equator falls into this biome Tropical Rainforest
82%
Which of these is not always true about a desert Hot conditions
76%
What biome is most of Japan in Temperate Forest
76%
What Biome is Malaysia in Tropical Rainforest
76%
What biome is (most of) Tanzania in Savannah
71%
What is the Atacama Desert
59%
Trees do not shed their leaves Taiga
47%
Has 2 Seasons Savannah
41%
What land biome has the largest surface area Taiga
35%
Which of these biomes cannot be found underneath a Ferrel Cell Tropical Rainforest
35%
Which of these biomes are not located in China Tundra
35%
What is the largest cause for the destruction of the Amazon Cattle Ranching
29%
Which of these is not a layer of a Tropical Rainforest Roots layer
29%
What percentage of light penetrates through to the ground in a Tropical Rainforest 2%
18%
What percentage of the worlds Plant, animal and insect species are found in Tropical Rainforests 50%
12%
No matching quizzes found
Score Distribution
Percent of People with Each Score
Percentile by Number Answered
Your Score History
You have not taken this quiz